[Event "4NCL/Div4/ADD vs. AMCAH"]
[Site "Sunningdale ENG"]
[Date "2007.02.11"]
[Round "6.4"]
[White "Lettington, David"]
[Black "Klein, Cornelia"]
[Result "0-1"]
[WhiteElo "1755"]
[BlackElo "1881"]
[PlyCount "100"]
[EventDate "2007.02.11"]
[EventType "team"]
[EventRounds "11"]
[EventCountry "ENG"]

1. e4 e5 2. Nf3 Nc6 3. Bc4 Bc5 4. c3 Nf6 5. d3 d6 6. b4 Bb6 7. a4 a5 8. b5 Ne7
9. Bg5 Ng6 10. O-O O-O 11. Nbd2 Be6 12. Qb3 Qe7 13. Bxf6 Qxf6 14. Bxe6 Qxe6 15.
Qxe6 fxe6 16. g3 h6 17. Ne1 d5 18. Ng2 Rad8 19. Rad1 Rd7 20. exd5 exd5 21. Nb3
Rdf7 22. d4 c6 23. Rd2 Rf3 24. Ne3 Ne7 25. Nc5 Bxc5 26. dxc5 Rc8 27. b6 Rcf8
28. Re1 Ng6 29. Kg2 h5 30. Ree2 h4 31. c4 d4 32. Ng4 h3+ 33. Kg1 Rc3 34. Rc2
Rxc2 35. Rxc2 d3 36. Rd2 e4 37. Ne3 Ne5 38. Kh1 Nf3 39. Rd1 Nd4 40. Rd2 Nb3 41.
Ra2 Nxc5 42. Kg1 Nb3 43. Rb2 Nd4 44. Kh1 Nf3 45. Nf1 Nd4 46. Kg1 Ne2+ 47. Kh1
Rxf2 48. Rb1 Nd4 49. Rd1 Nf3 50. c5 Rg2 0-1

[Event "4NCL/Div4/GUI5 vs. ATH2"]
[Site "Sunningdale ENG"]
[Date "2007.02.11"]
[Round "6.1"]
[White "Deswarte, Ian"]
[Black "Wilson, David"]
[Result "1-0"]
[WhiteElo "1920"]
[BlackElo "1740"]
[Annotator "Armstrong,Malcolm"]
[PlyCount "78"]
[EventDate "2007.02.11"]
[EventType "team"]
[EventRounds "11"]
[EventCountry "ENG"]

1. e4 e5 2. Nf3 Nc6 3. Bb5 d6 4. O-O Bd7 5. c3 a6 6. Ba4 Nf6 7. Re1 b5 8. Bb3
Na5 9. Bc2 c5 10. d4 cxd4 11. cxd4 Bg4 12. h3 Bxf3 13. Qxf3 Be7 14. d5 Rc8 15.
Bd3 Nd7 16. b3 O-O 17. Bd2 Bg5 18. Bc3 Qb6 19. b4 Nc4 20. Bxc4 Rxc4 21. Nd2
Bxd2 22. Bxd2 Rfc8 23. a4 bxa4 24. Rxa4 Qb7 25. Rea1 Ra8 26. Qe2 Qb5 27. Kh2
Rac8 28. Rxa6 Qb8 29. Ra7 Nb6 30. Qg4 R4c7 31. R7a6 Rb7 32. Bh6 g6 33. b5 Qc7
34. Qg5 Qd8 35. Qg4 Qe8 36. Ra7 Rcb8 37. R1a6 Rxa7 38. Rxa7 Rd8 39. Qg5 Nd7 {
time} 1-0

[Event "4NCL/Div4/GUI5 vs. ATH2"]
[Site "Sunningdale ENG"]
[Date "2007.02.11"]
[Round "6.2"]
[White "Foster, James M"]
[Black "Shaw, Matthew"]
[Result "1/2-1/2"]
[WhiteElo "1665"]
[BlackElo "1920"]
[PlyCount "89"]
[EventDate "2007.02.11"]
[EventType "team"]
[EventRounds "11"]
[EventCountry "ENG"]

1. e4 e6 2. d4 d5 3. e5 c5 4. c3 Nc6 5. Nf3 Bd7 6. Be2 Nge7 7. Na3 cxd4 8. cxd4
Nf5 9. Nc2 Be7 10. a3 O-O 11. O-O Na5 12. Ne3 Nxe3 13. fxe3 Rc8 14. Bd3 Qb6 15.
Bc2 Bb5 16. Rf2 f6 17. Nh4 f5 18. Nf3 Bc4 19. b4 Nc6 20. Nd2 Ba6 21. Rb1 Bb5
22. Nf3 a5 23. a4 Bc4 24. bxa5 Qxa5 25. Rxb7 Rb8 26. Rxb8 Rxb8 27. Nd2 Qc3 28.
Nxc4 dxc4 29. Qd2 Qxd2 30. Bxd2 Nb4 31. Bxb4 Rxb4 32. Kf1 Bg5 33. Ke2 Bd8 34.
Kf3 g5 35. e4 fxe4+ 36. Kxe4 c3 37. Rf3 Bb6 38. Rd3 Kf7 39. a5 Ba7 40. a6 Ke7
41. Ke3 Kd7 42. Ke4 Ke7 43. g4 h6 44. h3 Kd7 45. Ke3 1/2-1/2

[Event "4NCL/Div4/GUI5 vs. ATH2"]
[Site "Sunningdale ENG"]
[Date "2007.02.11"]
[Round "6.3"]
[White "Chapman, Timothy J"]
[Black "Sant, Maria"]
[Result "1-0"]
[WhiteElo "1840"]
[BlackElo "1420"]
[PlyCount "55"]
[EventDate "2007.02.11"]
[EventType "team"]
[EventRounds "11"]
[EventCountry "ENG"]

1. e4 c5 2. c3 e6 3. d4 Nf6 4. e5 Nd5 5. Nf3 Be7 6. Bd3 O-O 7. O-O b6 8. Qc2
Bb7 9. Bxh7+ Kh8 10. Be4 Ba6 11. Re1 Bb7 12. a3 cxd4 13. cxd4 f5 14. exf6 Bxf6
15. Nc3 Qc8 16. Bg5 Na6 17. Rac1 Qd8 18. Bxd5 Bxd5 19. Nxd5 exd5 20. Qg6 Bxg5
21. Nxg5 Qxg5 22. Qxg5 Rf6 23. Re8+ Rxe8 24. Qh5+ Rh6 25. Qxe8+ Kh7 26. Qxd7
Nb8 27. Qf5+ Kg8 28. Rc8# 1-0

[Event "4NCL/Div4/FCA2 vs. JUTK"]
[Site "Nottingham ENG"]
[Date "2007.03.24"]
[Round "7.2"]
[White "Mack, Andy"]
[Black "Goldsworthy, Patrick"]
[Result "1-0"]
[WhiteElo "2222"]
[BlackElo "2089"]
[PlyCount "67"]
[EventDate "2007.03.24"]
[EventType "team"]
[EventRounds "11"]
[EventCountry "ENG"]
[WhiteTeam "Jutes of Kent"]
[BlackTeam "FCA Solutions 2"]

1. e4 d6 2. d4 g6 3. Nc3 Bg7 4. Be3 a6 5. Qd2 Nd7 6. Nf3 h6 7. h3 e6 8. Bd3 Ne7
9. O-O b6 10. Ne2 Bb7 11. Ng3 f5 12. Rfe1 Nf6 13. exf5 exf5 14. Qe2 Qd7 15. Bd2
Bxf3 16. Qxf3 O-O 17. Qe2 Nc6 18. c3 Rae8 19. Qf1 a5 20. Bb5 d5 21. Bf4 Ne4 22.
f3 Nxg3 23. Bxg3 f4 24. Rxe8 Qxe8 25. Re1 Qd7 26. Bf2 Qd6 27. Qe2 Nd8 28. Bd3
c6 29. Bc2 Kf7 30. Bh4 g5 31. Bf2 Ne6 32. Qd3 Re8 33. Qg6+ Kf8 34. Bf5 1-0

[Event "4NCL/Div4/FCA2 vs. JUTK"]
[Site "Nottingham ENG"]
[Date "2007.03.24"]
[Round "7.3"]
[White "Freeman, Richard C P"]
[Black "Harakis, Alexis"]
[Result "0-1"]
[WhiteElo "2106"]
[BlackElo "2172"]
[PlyCount "50"]
[EventDate "2007.03.24"]
[EventType "team"]
[EventRounds "11"]
[EventCountry "ENG"]
[WhiteTeam "FCA Solutions 2"]
[BlackTeam "Jutes of Kent"]

1. d4 e6 2. e4 d5 3. e5 c5 4. f4 f6 5. Nf3 cxd4 6. Bd3 Nc6 7. a3 a5 8. b3 Nh6
9. O-O Bc5 10. h3 O-O 11. g4 fxe5 12. Nxe5 Qh4 13. Kg2 Nxe5 14. fxe5 Rxf1 15.
Qxf1 Bd7 16. Qf3 Rf8 17. Qg3 Qxg3+ 18. Kxg3 Nf7 19. Bd2 Nxe5 20. b4 Bd6 21. Kg2
Nxd3 22. cxd3 Bb5 23. bxa5 Bxd3 24. Bb4 Bxb4 25. axb4 Rf1 0-1

[Event "4NCL/Div4/FCA2 vs. JUTK"]
[Site "Nottingham ENG"]
[Date "2007.03.24"]
[Round "7.4"]
[White "Rice, Chris"]
[Black "Elwin, Adrian G"]
[Result "1/2-1/2"]
[WhiteElo "2110"]
[BlackElo "2048"]
[PlyCount "72"]
[EventDate "2007.03.24"]
[EventType "team"]
[EventRounds "11"]
[EventCountry "ENG"]
[WhiteTeam "Jutes of Kent"]
[BlackTeam "FCA Solutions 2"]

1. c4 e5 2. g3 Nf6 3. Bg2 Bc5 4. Nc3 c6 5. e3 d6 6. Nge2 Be6 7. d4 Bb6 8. d5
cxd5 9. cxd5 Bf5 10. O-O Na6 11. b4 O-O 12. a3 Rc8 13. Bb2 Qd7 14. Rc1 Bh3 15.
Qd3 Bxg2 16. Kxg2 Ng4 17. h3 Nh6 18. Qb5 Qf5 19. e4 Qg6 20. a4 Nc7 21. Qd3 f5
22. a5 f4 23. axb6 f3+ 24. Kh1 fxe2 25. Qxe2 axb6 26. Kg2 Na6 27. Nb5 Nf7 28.
Rc4 Rxc4 29. Qxc4 Ng5 30. f3 Qh5 31. h4 Nxf3 32. Qd3 Nxh4+ 33. gxh4 Qg4+ 34.
Kh2 Qxh4+ 35. Kg2 Qg4+ 36. Kh2 Qh4+ 1/2-1/2

[Event "4NCL/Div4/FCA2 vs. JUTK"]
[Site "Nottingham ENG"]
[Date "2007.03.24"]
[Round "7.5"]
[White "Kendall, Paul S N"]
[Black "Donovan, Nigel"]
[Result "1/2-1/2"]
[WhiteElo "2080"]
[BlackElo "2109"]
[PlyCount "59"]
[EventDate "2007.03.24"]
[EventType "team"]
[EventRounds "11"]
[EventCountry "ENG"]
[WhiteTeam "FCA Solutions 2"]
[BlackTeam "Jutes of Kent"]

1. e4 c5 2. Nf3 d6 3. Bb5+ Bd7 4. Bxd7+ Qxd7 5. c4 Nc6 6. O-O Nf6 7. Nc3 e6 8.
h3 Be7 9. d4 cxd4 10. Nxd4 O-O 11. Be3 a6 12. Qe2 Rab8 13. Rfd1 Rfc8 14. Rac1
Nxd4 15. Bxd4 Qc6 16. b3 Kf8 17. e5 dxe5 18. Bxe5 Ra8 19. Rd3 b5 20. Bxf6 Bxf6
21. Ne4 Be7 22. Rcd1 bxc4 23. Rc3 Rd8 24. Rxc4 Qb5 25. Rxd8+ Rxd8 26. Qc2 Qd5
27. Rc8 g6 28. Rxd8+ Qxd8 29. Qc3 Kg8 30. Qc4 1/2-1/2

[Event "4NCL/Div4/MET vs. MONM"]
[Site "Nottingham ENG"]
[Date "2007.03.24"]
[Round "7.1"]
[White "Noden, Nicolas"]
[Black "Sully, David"]
[Result "0-1"]
[WhiteElo "2185"]
[BlackElo "2135"]
[PlyCount "88"]
[EventDate "2007.03.24"]
[EventType "team"]
[EventRounds "11"]
[EventCountry "ENG"]
[WhiteTeam "Metropolitan"]
[BlackTeam "Monmouth"]

1. g3 f5 2. c4 Nf6 3. Bg2 e6 4. Nf3 Be7 5. O-O O-O 6. d3 c5 7. Nc3 Nc6 8. e4
fxe4 9. dxe4 e5 10. h3 d6 11. Bg5 Be6 12. Bxf6 Bxf6 13. Nd5 Nd4 14. Kh2 Rb8 15.
a4 Bxd5 16. exd5 Qb6 17. Rb1 Qb4 18. Nd2 Be7 19. b3 Rf7 20. Ne4 a6 21. Qd3 b5
22. h4 Rbf8 23. axb5 axb5 24. cxb5 Nxb5 25. Qc4 Nd4 26. Qxb4 cxb4 27. Rfc1 Ra8
28. Rc4 Rb8 29. Rc7 h6 30. Bh3 Bf8 31. Rc4 Rf3 32. Kg2 Rxb3 33. Ra1 Rb2 34. Ra7
Re2 35. Be6+ Kh8 36. Nf6 b3 37. Nd7 b2 38. Nxb8 b1=Q 39. Rc8 Qe4+ 40. Kh3 Qh1+
41. Kg4 Qf3+ 42. Kh3 Re1 43. Rxf8+ Qxf8 44. Nd7 Rh1+ 0-1

[Event "4NCL/Div4/MET vs. MONM"]
[Site "Nottingham ENG"]
[Date "2007.03.24"]
[Round "7.2"]
[White "Thomas, Joseff"]
[Black "Dickson, George"]
[Result "0-1"]
[WhiteElo "2028"]
[BlackElo "2174"]
[PlyCount "84"]
[EventDate "2007.03.24"]
[EventType "team"]
[EventRounds "11"]
[EventCountry "ENG"]
[WhiteTeam "Monmouth"]
[BlackTeam "Metropolitan"]

1. e4 e5 2. Bc4 Nf6 3. Nf3 Nc6 4. d3 Bc5 5. Nc3 h6 6. Be3 d6 7. Qd2 Bxe3 8.
fxe3 Be6 9. Bb3 Bxb3 10. axb3 d5 11. exd5 Nxd5 12. O-O O-O 13. Nxd5 Qxd5 14.
Nh4 Ne7 15. Qc3 c5 16. Kh1 b6 17. Rf3 a5 18. Raf1 a4 19. b4 Qe6 20. e4 cxb4 21.
Qxb4 f6 22. Rg3 Rfc8 23. Qd2 Kf8 24. d4 exd4 25. e5 Qxe5 26. Re1 Rxc2 27. Qd1
Qc5 28. Qg4 Rc1 29. Qxg7+ Ke8 30. Qg8+ Kd7 31. Qe6+ Kc7 32. Rg7 Re8 33. Ng6
Rxe1+ 34. Qxe1 Kd8 35. b4 axb3 36. Nf4 Nf5 37. Ne6+ Rxe6 38. Rg8+ Ke7 39. Qd1
Qa5 40. Qc1 Qc3 41. Qf4 Re5 42. h3 b2 0-1

[Event "4NCL/Div4/MET vs. MONM"]
[Site "Nottingham ENG"]
[Date "2007.03.24"]
[Round "7.3"]
[White "Calvert, D Ian"]
[Black "Waterfield, John"]
[Result "1/2-1/2"]
[WhiteElo "2066"]
[BlackElo "2039"]
[PlyCount "30"]
[EventDate "2007.03.24"]
[EventType "team"]
[EventRounds "11"]
[EventCountry "ENG"]
[WhiteTeam "Metropolitan"]
[BlackTeam "Monmouth"]

1. b3 Nf6 2. Bb2 g6 3. g3 Bg7 4. Bg2 O-O 5. Nf3 d6 6. d4 c5 7. dxc5 dxc5 8.
Qxd8 Rxd8 9. O-O Nc6 10. Nbd2 Bf5 11. c4 Ne4 12. Bxg7 Kxg7 13. Nxe4 Bxe4 14.
Rfd1 Bc2 15. Rxd8 Rxd8 1/2-1/2

[Event "4NCL/Div4/MET vs. MONM"]
[Site "Nottingham ENG"]
[Date "2007.03.24"]
[Round "7.4"]
[White "Thomas, Kevin"]
[Black "Djabri, Zafer M"]
[Result "1-0"]
[WhiteElo "1980"]
[BlackElo "2071"]
[PlyCount "67"]
[EventDate "2007.03.24"]
[EventType "team"]
[EventRounds "11"]
[EventCountry "ENG"]
[WhiteTeam "Monmouth"]
[BlackTeam "Metropolitan"]

1. e4 c5 2. d4 cxd4 3. c3 dxc3 4. Nxc3 Nc6 5. Nf3 e6 6. Bc4 Qc7 7. Qe2 Nf6 8.
e5 Ng4 9. Bf4 d5 10. Bd3 h5 11. h3 Nh6 12. O-O Be7 13. Rac1 Qd8 14. Qd2 a6 15.
Bb1 Bd7 16. Rfe1 Rc8 17. Ng5 d4 18. Nce4 Nf5 19. Nd6+ Nxd6 20. exd6 Bf6 21. Ne4
Qa5 22. Rxc6 Qxd2 23. Rxc8+ Bxc8 24. Bxd2 Kd7 25. Rc1 Bd8 26. Bf4 Bb6 27. Bc2
Ke8 28. Ba4+ Bd7 29. Rc8+ Bd8 30. Bg5 f6 31. Bxf6 gxf6 32. Nxf6+ Kf7 33. Nxd7
b5 34. Bb3 1-0

[Event "4NCL/Div4/MET vs. MONM"]
[Site "Nottingham ENG"]
[Date "2007.03.24"]
[Round "7.5"]
[White "Fegan, Chris"]
[Black "Davis, Lee"]
[Result "0-1"]
[WhiteElo "2058"]
[BlackElo "2015"]
[PlyCount "86"]
[EventDate "2007.03.24"]
[EventType "team"]
[EventRounds "11"]
[EventCountry "ENG"]
[WhiteTeam "Metropolitan"]
[BlackTeam "Monmouth"]

1. d4 Nf6 2. Nf3 g6 3. Nc3 Bg7 4. e4 d6 5. Bc4 O-O 6. Qe2 c6 7. e5 Nd5 8. O-O
Nxc3 9. bxc3 d5 10. Bd3 c5 11. c4 cxd4 12. cxd5 Qxd5 13. h3 Be6 14. Rd1 Nc6 15.
Be4 Qc5 16. Rb1 Bc4 17. Bd3 b5 18. Bf4 Rad8 19. Re1 Nb4 20. Bxc4 bxc4 21. c3
dxc3 22. Be3 Qa5 23. Qxc4 Nc2 24. Re2 Na3 25. Qb4 c2 26. Rb3 Rd1+ 27. Re1 Qxb4
28. Rxb4 Bxe5 29. Bc1 Bc3 30. Rbe4 Bxe1 31. Rxe1 Rfd8 32. Bxa3 Rxe1+ 33. Nxe1
Rd1 34. Kf1 c1=Q 35. Bxc1 Rxc1 36. Ke2 Ra1 37. Nd3 Rxa2+ 38. Ke3 f6 39. Kd4 Kf7
40. g3 e5+ 41. Ke4 Ra4+ 42. Ke3 Ra3 43. Ke4 f5+ 0-1

[Event "4NCL/Div4/MET vs. MONM"]
[Site "Nottingham ENG"]
[Date "2007.03.24"]
[Round "7.6"]
[White "Thomas, Jac"]
[Black "Djabri, Katherine"]
[Result "0-1"]
[WhiteElo "1932"]
[BlackElo "2027"]
[PlyCount "52"]
[EventDate "2007.03.24"]
[EventType "team"]
[EventRounds "11"]
[EventCountry "ENG"]
[WhiteTeam "Monmouth"]
[BlackTeam "Metropolitan"]

1. e4 c5 2. d4 cxd4 3. c3 dxc3 4. Nxc3 Nc6 5. Nf3 e6 6. Bc4 Qc7 7. Qe2 Nf6 8.
e5 Ng4 9. Bf4 d5 10. Bd3 a6 11. O-O h5 12. h3 Nh6 13. Ng5 g6 14. Bh2 Be7 15.
Nxf7 Kxf7 16. Nxd5 Qd8 17. Nf4 Nf5 18. g4 hxg4 19. hxg4 Nh4 20. Bg3 Nxe5 21.
Bxh4 Rxh4 22. Rad1 Qh8 23. Be4 Rxg4+ 24. Ng2 Qh3 25. f3 Bc5+ 26. Rf2 Qxg2# 0-1

[Event "4NCL/Div4/HC vs. NOTT1"]
[Site "Nottingham ENG"]
[Date "2007.03.24"]
[Round "7.1"]
[White "Tavoularis, Nicholas"]
[Black "Richmond, Robert J"]
[Result "0-1"]
[WhiteElo "2265"]
[BlackElo "2227"]
[PlyCount "164"]
[EventDate "2007.03.24"]
[EventType "team"]
[EventRounds "11"]
[EventCountry "ENG"]
[WhiteTeam "H Coventry"]
[BlackTeam "Notts 1"]

1. d4 Nf6 2. Bg5 d5 3. Bxf6 exf6 4. e3 Be6 5. Nd2 Bd6 6. c4 c6 7. Qb3 Qb6 8. c5
Qxb3 9. axb3 Bc7 10. b4 O-O 11. Bd3 f5 12. Ne2 Nd7 13. Nc3 a6 14. g3 Nf6 15.
Nb3 Rae8 16. O-O Bc8 17. Na5 g6 18. Rae1 Re6 19. f3 Rfe8 20. Kf2 h5 21. h4 Kg7
22. Re2 R8e7 23. Rfe1 Re8 24. Kg2 Kf8 25. Bc2 R6e7 26. Bd3 Re6 27. Nb3 R6e7 28.
Nd1 Rd8 29. Nf2 Be6 30. Na5 Bc8 31. Nh3 Rde8 32. Ng5 Rd8 33. Nb3 Rde8 34. Na1
a5 35. b5 cxb5 36. Bxb5 Bd7 37. Bxd7 Nxd7 38. Nc2 b6 39. b4 bxc5 40. bxc5 Rb8
41. e4 fxe4 42. fxe4 dxe4 43. Rxe4 Rxe4 44. Nxe4 Re8 45. Nc3 Rxe1 46. Nxe1 Ke7
47. Nb5 Kd8 48. Nc2 Nf6 49. Ne3 Ne4 50. g4 hxg4 51. Nxg4 a4 52. Ne3 Kd7 53. Kf3
f5 54. h5 Ng5+ 55. Ke2 gxh5 56. Nxf5 Kc6 57. Nxc7 Kxc7 58. Kd3 Nf3 59. Kc4 h4
60. d5 h3 61. Kb5 h2 62. d6+ Kd8 63. c6 h1=Q 64. c7+ Kd7 65. Ne7 Nd4+ 66. Kc4
Qc1+ 67. Kxd4 a3 68. c8=Q+ Qxc8 69. Nxc8 a2 70. Nb6+ Kxd6 71. Nc4+ Kc7 72. Kc3
a1=Q+ 73. Kc2 Kc6 74. Nb2 Kd5 75. Nd3 Qh1 76. Kb2 Kd4 77. Nc1 Kc4 78. Kc2 Qh2+
79. Kb1 Kc3 80. Na2+ Kb3 81. Nc1+ Ka3 82. Nd3 Qd2 0-1

[Event "4NCL/Div4/HC vs. NOTT1"]
[Site "Nottingham ENG"]
[Date "2007.03.24"]
[Round "7.2"]
[White "Mercs, Peter J"]
[Black "Briscoe, Christopher"]
[Result "0-1"]
[WhiteElo "2066"]
[BlackElo "2121"]
[PlyCount "124"]
[EventDate "2007.03.24"]
[EventType "team"]
[EventRounds "11"]
[EventCountry "ENG"]
[WhiteTeam "Notts 1"]
[BlackTeam "H Coventry"]

1. e4 c5 2. Nf3 d6 3. d4 cxd4 4. Nxd4 Nf6 5. Nc3 a6 6. f3 e5 7. Nb3 Be6 8. Be3
Nbd7 9. Qd2 Nb6 10. Qf2 Nc4 11. Bxc4 Bxc4 12. O-O-O Be7 13. g4 O-O 14. g5 Nh5
15. h4 Qd7 16. Kb1 a5 17. Nd2 Be6 18. Nd5 Bxd5 19. exd5 f5 20. Nc4 Qb5 21. Na3
Qa4 22. Bc1 f4 23. Rhe1 Qd7 24. Nc4 b5 25. Nd2 Ng3 26. Ne4 Qh3 27. Rd3 Qxh4 28.
Rg1 Nf5 29. Qg2 Qh5 30. Rc3 Qg6 31. Rc7 Bd8 32. Rc6 Rb8 33. Qf2 Be7 34. Ra6
Rfc8 35. Rxa5 Qf7 36. Ra7 Ra8 37. Rxa8 Rxa8 38. b3 Qxd5 39. Qb6 Bd8 40. Qf2 b4
41. Bd2 Qa5 42. a4 Bb6 43. Qg2 Bxg1 44. Qxg1 d5 45. Nf6+ gxf6 46. Qg4 Ne7 47.
gxf6+ Ng6 48. Qe6+ Kh8 49. f7 Kg7 50. Qe8 d4 51. Bxb4 Qxb4 52. Qxa8 Kxf7 53. a5
Qe1+ 54. Kb2 Qc3+ 55. Kb1 Ne7 56. a6 d3 57. cxd3 Qxb3+ 58. Ka1 Qa3+ 59. Kb1
Qxd3+ 60. Ka1 Qd4+ 61. Kb1 Qb6+ 62. Kc2 Qc6+ 0-1

[Event "4NCL/Div4/HC vs. NOTT1"]
[Site "Nottingham ENG"]
[Date "2007.03.24"]
[Round "7.3"]
[White "Stinton-Brownbridge, Michael"]
[Black "Levens, David"]
[Result "1-0"]
[WhiteElo "2025"]
[BlackElo "2085"]
[PlyCount "101"]
[EventDate "2007.03.24"]
[EventType "team"]
[EventRounds "11"]
[EventCountry "ENG"]
[WhiteTeam "H Coventry"]
[BlackTeam "Notts 1"]

1. d4 Nf6 2. Nf3 d5 3. c4 c6 4. Nc3 e6 5. e3 Be7 6. Qc2 O-O 7. b3 c5 8. Bd3 Nc6
9. a3 dxc4 10. bxc4 cxd4 11. exd4 Nxd4 12. Nxd4 Qxd4 13. Be3 Qd8 14. O-O Bd7
15. Rfd1 Qc7 16. Nb5 Bxb5 17. cxb5 Qxc2 18. Bxc2 Nd5 19. Re1 Rac8 20. Be4 Nxe3
21. Rxe3 Bf6 22. Rd1 Rc7 23. Red3 Rfc8 24. g3 g6 25. Rd7 Rxd7 26. Rxd7 Rc1+ 27.
Kg2 Ra1 28. Bxb7 Rxa3 29. Ba6 Ra2 30. Kf3 Kg7 31. Ke3 Bc3 32. f4 Be1 33. Rd1
Bf2+ 34. Kf3 Bb6 35. h4 Rf2+ 36. Ke4 Re2+ 37. Kf3 Rb2 38. Rd3 h5 39. Ke4 Kf6
40. Rf3 Rb4+ 41. Kd3 Kf5 42. Kc3 Ba5 43. Kc2 Rc4+ 44. Kd3 Rc3+ 45. Ke2 Kg4 46.
Rxc3 Bxc3 47. Kf2 e5 48. b6 Bd4+ 49. Kg2 Bxb6 50. Bc8+ f5 51. Ba6 1-0

[Event "4NCL/Div4/HC vs. NOTT1"]
[Site "Nottingham ENG"]
[Date "2007.03.24"]
[Round "7.4"]
[White "Walker, Andrew N"]
[Black "Forman, Karl L"]
[Result "1-0"]
[WhiteElo "2060"]
[BlackElo "2035"]
[PlyCount "83"]
[EventDate "2007.03.24"]
[EventType "team"]
[EventRounds "11"]
[EventCountry "ENG"]
[WhiteTeam "Notts 1"]
[BlackTeam "H Coventry"]

1. e4 Nf6 2. e5 Nd5 3. d4 d6 4. Nf3 Bf5 5. Bc4 e6 6. O-O Be7 7. c3 O-O 8. Re1
Nc6 9. Bb5 a6 10. Bxc6 bxc6 11. Nbd2 c5 12. dxc5 dxe5 13. Nxe5 Bxc5 14. Ndf3 h6
15. Nd4 Qh4 16. Nef3 Qf6 17. Nxf5 Qxf5 18. Qe2 Rfd8 19. Rd1 a5 20. Nd4 Qf6 21.
Be3 Nxe3 22. fxe3 a4 23. Nc6 Rxd1+ 24. Rxd1 a3 25. b4 Bb6 26. c4 Qb2 27. Kf2
Qf6+ 28. Qf3 e5 29. Qxf6 gxf6 30. c5 Ba7 31. Rd8+ Rxd8 32. Nxd8 Kf8 33. Nc6
Bxc5 34. bxc5 Ke8 35. Nb4 Kd7 36. e4 h5 37. g4 hxg4 38. Kg3 f5 39. exf5 Ke7 40.
Kxg4 Kf6 41. Nd5+ Kg7 42. Nxc7 1-0

[Event "4NCL/Div4/HC vs. NOTT1"]
[Site "Nottingham ENG"]
[Date "2007.03.24"]
[Round "7.5"]
[White "Goodwin, Ed"]
[Black "Burke, Steven J"]
[Result "1-0"]
[WhiteElo "1985"]
[BlackElo "2055"]
[PlyCount "111"]
[EventDate "2007.03.24"]
[EventType "team"]
[EventRounds "11"]
[EventCountry "ENG"]
[WhiteTeam "H Coventry"]
[BlackTeam "Notts 1"]

1. e4 e6 2. d4 d5 3. Nc3 Nf6 4. e5 Nfd7 5. f4 c5 6. Nf3 Nc6 7. Be3 a6 8. Qd2
Be7 9. Be2 b5 10. Nd1 cxd4 11. Nxd4 Nxd4 12. Bxd4 Bb7 13. O-O g6 14. Rf3 Rc8
15. Ne3 Bc5 16. c3 Bxd4 17. cxd4 f5 18. exf6 Nxf6 19. Bd3 O-O 20. Raf1 Qb6 21.
Bb1 Ne4 22. Bxe4 dxe4 23. Rg3 Rcd8 24. f5 exf5 25. Nxf5 Kh8 26. Qh6 Rf7 27. h4
Rg8 28. h5 Bc8 29. hxg6 Rxg6 30. Rxg6 Qxg6 31. Qxg6 hxg6 32. Ne3 Kg7 33. Rxf7+
Kxf7 34. Kf2 Ke6 35. Kg3 Bd7 36. Kf4 Bc6 37. b4 Bb7 38. Kg5 Kf7 39. d5 Ke7 40.
Kxg6 Kd6 41. Kf5 Bxd5 42. a3 Bb7 43. Kf4 a5 44. g4 axb4 45. axb4 Ke6 46. g5 Bc6
47. Nf5 Bd5 48. Nd4+ Kd6 49. Nxb5+ Kc6 50. Nc3 Be6 51. Kxe4 Kd6 52. Nb5+ Ke7
53. Nd4 Bd7 54. Ke5 Bg4 55. Nf5+ Kf8 56. Kf6 1-0

[Event "4NCL/Div4/HC vs. NOTT1"]
[Site "Nottingham ENG"]
[Date "2007.03.24"]
[Round "7.6"]
[White "Truman, Richard G"]
[Black "Foord, Dominic"]
[Result "1-0"]
[WhiteElo "2027"]
[BlackElo "1905"]
[PlyCount "91"]
[EventDate "2007.03.24"]
[EventType "team"]
[EventRounds "11"]
[EventCountry "ENG"]
[WhiteTeam "Notts 1"]
[BlackTeam "H Coventry"]

1. d4 e6 2. c4 f5 3. g3 Nf6 4. Bg2 Be7 5. Nc3 O-O 6. Nf3 d6 7. O-O Qe8 8. Re1
Qg6 9. e4 fxe4 10. Nxe4 Nxe4 11. Rxe4 Nc6 12. Qe2 Bf6 13. Bd2 e5 14. dxe5 dxe5
15. Bc3 Bg4 16. Nh4 Bxe2 17. Nxg6 hxg6 18. Rxe2 Rab8 19. Bxc6 bxc6 20. Rd1 e4
21. Rd7 Rf7 22. Rdd2 Bxc3 23. bxc3 Rb1+ 24. Kg2 Rc1 25. Rxe4 Rxc3 26. Rb2 g5
27. h4 gxh4 28. Rxh4 Rd7 29. Rb8+ Kf7 30. Rf4+ Kg6 31. Rb3 Rdd3 32. Rb7 Ra3 33.
Rxc7 Rd6 34. Rg4+ Kf5 35. Rgxg7 Rxa2 36. Rxa7 Rc2 37. Rgf7+ Ke5 38. Rf4 Rdd2
39. Ra8 Rd7 40. Re8+ Kd6 41. Rd4+ Kc7 42. Rxd7+ Kxd7 43. Re4 Kd6 44. Kf3 Kc5
45. g4 Rc1 46. g5 1-0

[Event "4NCL/Div4/CELT vs. OXF2"]
[Site "Nottingham ENG"]
[Date "2007.03.24"]
[Round "7.1"]
[White "Hoffmann, Hendrik"]
[Black "Dickinson, Timothy R"]
[Result "1/2-1/2"]
[WhiteElo "2330"]
[BlackElo "2210"]
[PlyCount "72"]
[EventDate "2007.03.24"]
[EventType "team"]
[EventRounds "11"]
[EventCountry "ENG"]
[WhiteTeam "Celtic Tigers"]
[BlackTeam "Oxford 2"]

1. e4 c6 2. d4 d5 3. exd5 cxd5 4. c4 Nf6 5. Nc3 e6 6. Nf3 Bb4 7. Bd2 Nc6 8.
cxd5 Nxd5 9. Bd3 O-O 10. O-O Be7 11. Re1 Ndb4 12. Bb1 Nxd4 13. Nxd4 Qxd4 14.
Qe2 Bd7 15. a3 Nd5 16. Rd1 Ba4 17. Nxa4 Qxa4 18. Be4 Bf6 19. Qd3 g6 20. Rab1
Rfd8 21. Qf3 Bg7 22. Bg5 Rd7 23. Bxd5 exd5 24. Rxd5 Rxd5 25. Qxd5 Qc2 26. Rd1
h6 27. Be3 Qxb2 28. a4 a6 29. g3 Rb8 30. a5 Qe5 31. Qxe5 Bxe5 32. Rd7 Bc3 33.
Bb6 Kg7 34. Rd3 Bf6 35. Rd7 Bc3 36. Rd3 Bf6 1/2-1/2

[Event "4NCL/Div4/CELT vs. OXF2"]
[Site "Nottingham ENG"]
[Date "2007.03.24"]
[Round "7.2"]
[White "Scott, David A"]
[Black "Kemp, Peter D"]
[Result "0-1"]
[WhiteElo "2110"]
[BlackElo "2192"]
[PlyCount "96"]
[EventDate "2007.03.24"]
[EventType "team"]
[EventRounds "11"]
[EventCountry "ENG"]
[WhiteTeam "Oxford 2"]
[BlackTeam "Celtic Tigers"]

1. Nf3 f5 2. d4 g6 3. g3 Nf6 4. Bg2 Bg7 5. O-O O-O 6. b3 d6 7. Bb2 Na6 8. c4 c6
9. Nbd2 e5 10. dxe5 Ng4 11. h3 Nxe5 12. Nxe5 dxe5 13. Qc2 Qe7 14. Rad1 Re8 15.
Bc3 e4 16. Bxg7 Qxg7 17. Nb1 Be6 18. Qc3 Rad8 19. Qxg7+ Kxg7 20. Nc3 Nc5 21. f3
exf3 22. Bxf3 a5 23. Kf2 g5 24. Rxd8 Rxd8 25. Ke3 Kf6 26. h4 gxh4 27. gxh4 Ke5
28. Rg1 f4+ 29. Kf2 Rg8 30. Rxg8 Bxg8 31. e3 a4 32. exf4+ Kxf4 33. Bd1 h6 34.
Nxa4 Nxa4 35. bxa4 Bxc4 36. a3 b6 37. Bf3 Bd5 38. Bd1 Be4 39. h5 Bd5 40. Bc2
Bf3 41. Bg6 Bd1 42. a5 bxa5 43. Ke1 Bf3 44. Kd2 Kg5 45. Be8 c5 46. Bf7 Bxh5 47.
Bd5 Kf4 48. Kd3 Ke5 0-1

[Event "4NCL/Div4/CELT vs. OXF2"]
[Site "Nottingham ENG"]
[Date "2007.03.24"]
[Round "7.3"]
[White "Thomas, Robert K"]
[Black "Rawlinson, Christopher J"]
[Result "1-0"]
[WhiteElo "2137"]
[BlackElo "2053"]
[PlyCount "57"]
[EventDate "2007.03.24"]
[EventType "team"]
[EventRounds "11"]
[EventCountry "ENG"]
[WhiteTeam "Celtic Tigers"]
[BlackTeam "Oxford 2"]

1. d4 e6 2. c4 f5 3. g3 Nf6 4. Bg2 d5 5. Nh3 Bb4+ 6. Bd2 Bxd2+ 7. Nxd2 O-O 8.
O-O c6 9. Nf4 g5 10. Nd3 dxc4 11. Nxc4 Qxd4 12. Qb3 Nd5 13. Rad1 Qf6 14. e4 Nc7
15. exf5 exf5 16. Nc5 Qf7 17. Nxb7 Be6 18. Nbd6 Qg7 19. Rfe1 f4 20. Rxe6 Nxe6
21. Nd2 Qe7 22. Re1 Rf6 23. N2e4 Rg6 24. Nxg5 Qxd6 25. Nxe6 Kh8 26. Nxf4 Nd7
27. Nxg6+ Qxg6 28. Qc3+ Kg8 29. Qxc6 1-0